Тъмраш (Запис номер 44045)
[ съкратено ]
| 000 -Лидер | |
|---|---|
| Контролно поле с фиксирана дължина | nam a22 a 4500 |
| 003 - Код на организацията, давaща контролен номер | |
| Контролно поле | BLK |
| 005 - Дата и час на последна редакция | |
| Контролно поле | 20230329030251.0 |
| 008 - Елементи от данни с фиксирана дължина | |
| fixed length control field | 180408b bul|||||r ||||||| ||bul|| |
| 010 ## - Наследен системен номер | |
| LC control number | KNG00047805000 |
| 040 ## - Източник на каталожния запис | |
| Идентификатор на билиотеката - собственик на записа | BLK |
| 041 ## - Код за език | |
| Код за езика на текст/звукозапис или на отделно заглавие | Български |
| Код за езика КДБФ | Български |
| 080 ## - УДК | |
| Текстов определител УДК | Краезнание |
| УДК код - определител по УДК | 908 |
| УДК определител | (497.2-22) |
| УДК - код + определител | 908(497.2-22) |
| 100 1# - Редна дума - Автор | |
| Автор | Вълчев, Ангел Костадинов |
| Авторска отговорност | първи автор |
| R(LIN) | 279116 |
| 139 ## - Редно поле | |
| Редна дума | Вълчев, Ангел Костадинов |
| Авторски знак | Вълч - В 95 |
| 245 10 - Сведения за заглавието | |
| Заглавие | Тъмраш |
| Подзаглавни данни | Изследване |
| Редно поле (дума) | Ангел Костадинов Вълчев; с предг. от Николай Александров Хайтов. |
| 257 ## - Страна на издаване | |
| Страна на създаване/издаване | България |
| 260 ## - Област на издателските данни | |
| Място на издаване, разпространение и проч. | София |
| Име на издателя, разпространителя и проч. | ОФ |
| Година на издаване | 1973 |
| 300 ## - Физическа характеристика | |
| Страници | 360 с. |
| Илюстрации и др. | с табл., 12 л. ил., факс. |
| Размери/Мащаб | 21 см |
| 380 ## - Жанр | |
| Жанр | История |
| 500 ## - Общи забележки | |
| Забележка | Библиогр. с. 347 - 351. - Истор. съдба на българомохамеданското с. Тъмраш, Пловдивски окр., съществувало до 1912 г. - 13 000 тир. |
| 650 #4 - Допълнително описание по предмет – тема | |
| Основно описание – тема или топоним | Села - България - история |
| 9 (RLIN) | 243048 |
| 651 #4 - Допълнително описание по предмет - топоним | |
| Географско понятие | Тъмраш |
| 9 (RLIN) | 179694 |
| 653 ## - Ключова дума – ненормативна | |
| Ключова дума | Тъмраш |
| 653 ## - Ключова дума – ненормативна | |
| Ключова дума | краезнание |
| 852 ## - Местоположение | |
| Форматна сигнатура | Цб 70334 |
| 856 4# - Електронен адрес и достъп | |
| Електронен формат | pdf - файл |
| 856 4# - Електронен адрес и достъп | |
| Електронен формат | pdf - файл |
| 999 ## - СИСТЕМНИ КОНТРОЛНИ НОМЕРА | |
| Koha biblionumber | 44045 |
| Koha biblioitemnumber | 44045 |
| 942 ## - АРТИКУЛИ | |
| Вид на библиотечния материал | Книги |
| Скрит в OPAC | Не |
| Периодичен библиозапис | Да |
| 944 ## - СЪЗДАВАНЕ И РЕДАКЦИЯ на ЗАПИСА | |
| Създаване/Редакция | Създаване |
| Дата на регистрацията/редакция | 31.08.2016 |
| Служител, извършил регистрацията/редакцията | Правда_Бадева |
| 944 ## - СЪЗДАВАНЕ И РЕДАКЦИЯ на ЗАПИСА | |
| Създаване/Редакция | Редакция |
| Дата на регистрацията/редакция | 2022-08-16 |
| Служител, извършил регистрацията/редакцията | ир |
| 999 ## - СИСТЕМНИ КОНТРОЛНИ НОМЕРА | |
| Koha biblioitemnumber | 44045 |
| Код за отписване | Код за изгубен артикул | Източник на класификационната схема | Код за повреда | Коз за рестрикции | Код за отдаване | Артикулен № | Име на библиотеката - собственик | Име на библиотеката, в която се намира в момента | Статус (Текущо местоположение) | Дата на вписване в системата | Местоположение - отдел | Цена в лева | Инвентарен номер | Систематично азбучна сигнатура | Баркод | Номер на екземпляра | Цена в евро | Служебна бележка | Служебен тип на артикула |
|---|---|---|---|---|---|---|---|---|---|---|---|---|---|---|---|---|---|---|---|
| Не е изгубен | Universal Decimal Classification | Не е повреден | само за читалня | ползва се в читалня | 69256 | Регионална библиотека "Любен Каравелов" Русе | Регионална библиотека "Любен Каравелов" Русе | Хранилище | 1973-01-01 | Хранилище | 1.74 | 151365 | Цб 70334 | 120000151365 | 1 | 0.89 | N: стар фонд Дата: 01.01.1973 | Книги | |
| Изтеглен | Не е изгубен | Universal Decimal Classification | Не е повреден | без рестрикции | заемане за дома | 69257 | Регионална библиотека "Любен Каравелов" Русе | Регионална библиотека "Любен Каравелов" Русе | Заемна - подръчен фонд | 1973-01-01 | Заемна - подръчен фонд | 1.00 | 160479 | П 908(497.2)/В 95 | 160479 | 2 | 0.51 | N: стар фонд Дата: 01.01.1973 | Книги |